000 00327nam a2200109Ia 4500
008 180205s9999 xx 000 0 und d
020 _a9710842463
100 _aZaide, Gregorio F.
245 _cZaide, Sonia M.
_aWorld history :
_ba chronological approach
260 _aQuezon City
_bNational bookstore
_c1989
300 _a460 pages
999 _c354706
_d354706